Rahsia pelaburan emas dan perak : (Record no. 130546)

MARC details
000 -LEADER
fixed length control field 00875nam a2200253 i 4500
001 - CONTROL NUMBER
control field C2-0331841
003 - CONTROL NUMBER IDENTIFIER
control field PPAK
005 - DATE AND TIME OF LATEST TRANSACTION
control field 20180728132146.0
008 - FIXED-LENGTH DATA ELEMENTS--GENERAL INFORMATION
fixed length control field 150702s2014 my a|||| ||||| | may d
020 ## - INTERNATIONAL STANDARD BOOK NUMBER
International Standard Book Number 9789674160470
040 ## - CATALOGING SOURCE
Original cataloging agency PPAK
Language of cataloging eng
Transcribing agency PPAK
Description conventions rda
082 04 - DEWEY DECIMAL CLASSIFICATION NUMBER
Classification number 332.6
Edition number 23
090 00 - LOCALLY ASSIGNED LC-TYPE CALL NUMBER (OCLC); LOCAL CALL NUMBER (RLIN)
Classification number (OCLC) (R) ; Classification number, CALL (RLIN) (NR) 332.6
Feature heading QUE
Feature heading G
100 1# - MAIN ENTRY--PERSONAL NAME
Personal name Quek, Jonathan,
Dates associated with a name 1985-
Relator term author
245 10 - TITLE STATEMENT
Title Rahsia pelaburan emas dan perak :
Remainder of title bagaimana anda boleh memperoleh daripada logam berharga
250 ## - EDITION STATEMENT
Edition statement First edition
264 #1 - PRODUCTION, PUBLICATION, DISTRIBUTION, MANUFACTURE, AND COPYRIGHT NOTICE
Place of production, publication, distribution, manufacture Petaling Jaya, Selangor :
Name of producer, publisher, distributor, manufacturer TrueWealth Sdn. Bhd. ,
Date of production, publication, distribution, manufacture, or copyright notice 2014
300 ## - PHYSICAL DESCRIPTION
Extent xiv, 234 pages :
Other physical details illustrations, photographs ;
Dimensions 21 cm
336 ## - CONTENT TYPE
Source rdacontent
Content type term text
337 ## - MEDIA TYPE
Source rdamedia
Media type term unmediated
338 ## - CARRIER TYPE
Source rdacarrier
Carrier type term volume
650 10 - SUBJECT ADDED ENTRY--TOPICAL TERM
Topical term or geographic name entry element Foreign exchange futures. ; Silver - Purchasing. ; Metals as an investment. ; Gold - Purchasing.
942 ## - ADDED ENTRY ELEMENTS (KOHA)
-- dc
Koha item type Book
Holdings
Withdrawn Not for loan Current library Shelving location Date acquired Total Checkouts Full call number Barcode Date last seen Date last checked out Koha item type Total Renewals Checked out
    Perpustakaan Alor Setar Pinjaman Dewasa 15/07/2015 9 332.6 QUE A01454470 07/01/2026 18/12/2025 Book    
    Perpustakaan Awam Sungai Petani Pinjaman Dewasa 15/07/2015 5 332.6 QUE A01454471 16/03/2024 16/03/2024 Book 1 06/04/2024
    Perpustakaan Jitra Pinjaman Dewasa 15/07/2015 1 332.6 QUE A01454472 21/09/2019 02/09/2019 Book    
    Perpustakaan Kulim Pinjaman Dewasa 15/07/2015 5 332.6 QUE A01454473 14/03/2026 15/02/2026 Book 1  
    Perpustakaan Langkawi Pinjaman Dewasa 15/07/2015 2 332.6 QUE A01454474 03/12/2024 14/11/2024 Book    
    Perpustakaan Merbok Pinjaman Dewasa 15/07/2015   332.6 QUE A01454475 09/05/2018   Book